Strategie digitálního marketingu komplexní přístup k budování strategie pro on-line marketing
Salvato in:
| Autore principale: | |
|---|---|
| Natura: | Libro |
| Lingua: | ceco |
| Pubblicazione: |
Brno
LINGEA
2022
|
| Edizione: | 1. vydání |
| Soggetti: | |
| Tags: |
Nessun Tag, puoi essere il primo ad aggiungerne!!
|
MARC
| LEADER | 00000nam a2200000 4500 | ||
|---|---|---|---|
| 001 | 0296779 | ||
| 005 | 20240416114212.6 | ||
| 020 | |a 978-80-7508-714-0 | ||
| 041 | 0 | |a cze | |
| 044 | |a CZ | ||
| 245 | 1 | 0 | |a Strategie digitálního marketingu |b komplexní přístup k budování strategie pro on-line marketing |c Simon Kingsnorth |
| 250 | |a 1. vydání | ||
| 264 | 1 | |a Brno |b LINGEA |c 2022 | |
| 300 | |a 382 s. | ||
| 610 | 2 | 0 | |a marketing elektronický |
| 610 | 2 | 0 | |a stratégia marketingová |
| 610 | 2 | 0 | |a reklama |
| 610 | 2 | 0 | |a médiá sociálne |
| 610 | 2 | 0 | |a zákazníci |
| 610 | 2 | 0 | |a správanie spotrebiteľa |
| 100 | 1 | |a Kingsnorth, Simon | |